|
|
|
|
| LEADER |
00617nab a2200181 i 4500 |
| 001 |
acta53463 |
| 005 |
20260224081030.0 |
| 008 |
180323s1942 hu o 000 hun d |
| 040 |
|
|
|a SZTE Egyetemi Kiadványok Repozitórium
|b hun
|
| 041 |
|
|
|a hun
|
| 100 |
1 |
|
|a Krammer Jenő
|
| 245 |
1 |
0 |
|a Illyés Gyula
|h [elektronikus dokumentum] :
|b Kora tavasz /
|c Krammer Jenő
|
| 260 |
|
|
|c 1942
|
| 300 |
|
|
|a 138
|
| 490 |
0 |
|
|a Nevelésügyi szemle
|v 6 No. 5-6
|
| 695 |
|
|
|a Magyar irodalom - regény - könyvismertetés
|
| 700 |
0 |
1 |
|a Illyés Gyula
|
| 856 |
4 |
0 |
|u http://acta.bibl.u-szeged.hu/53463/1/nev_szem_006_005_006_138.pdf
|z Dokumentum-elérés
|